01390cam a22003375a 450000500170000000800410001702000320005802000350009002000150012502000180014004000280015808200220018610000260020824501020023425000120033626000590034830000350040750400510044254100250049365000300051865000310054865100100057965300210058970000260061070000330063685600950066985601390076494200080090399900170091195201240092820201128024348.0120328s2008 enk afrb 000 0 eng d a027371192X [text and cases] a9780273711926 [text and cases] a0273731564 a9780273731566 aEG-ScBUEbengcEG-ScBUE04a658.4012bJOH2221 aJohnson, Gerry.9223310aExploring corporate strategy :btext & cases /cGerryJohnson, Kevan scholes, Richard Whittington. a8th ed. aHarlow :bFT Prentice Hall / Pearson Education,c2008. axxxi, 881 p. :bill. ;c24 cm. aIncludes bibliographical references and index. aDr. Mahitab Shahin ; 7aBusiness planning.2BUEsh 7aStrategic planning.2BUEsh 2BUEsh bBUSADMcJune20181 aScholes, Kevan.922341 aWhittington, Richard.934264 fVisit the Exploring Corporate Strategy, 8th ed. Companion Websiteuwww.pearsoned.co.uk/ecs fmystrategylabiRegister now for 12 months access to resources that will help you get a better gradeuwww.pearsoned.co.uk/mystrategylab 2ddc c26786d26758 00102ddc40708Donation-GaMAINbMAINc1STd2018-06-10eDonationl0o658.4012 JOHp000043436r2025-07-15 00:00:00yBB